000 01002nam a2200217 i 4500
001 74946
003 ES-MaACL
005 20250730064446.0
007 t|
008 040921s1962 sw ||||1| spa d
100 1 _aGosselman, Carl August.
_959262
245 1 0 _aInformes sobre los estados sudamericanos en los años de 1837 y 1838 /
_cCarl August Gossselman ; edición, introducción y notas por Magnus Mörner ; traducción del sueco por Ernesto Dethorey.
260 _aEstocolmo :
_b[s.n.,
_c1962] (
_fGraf. Hijos de P. Armengot)
300 _a177 p., 5 lám. ;
_c25 cm.
500 _aPrecede al tít.: Biblioteca e Instituto de Estudios Ibero-Americanos de la Escuela de Ciencias Económicas,Estocolmo, Suecia.
700 1 _aMörner, Magnus,
_d1924-2012
_9179484
700 1 _aDethorey, Ernesto.
_943963
710 2 _aEscuela de Ciencias Económicas (Estocolmo).
_bBiblioteca e Instituto de Estudios Ibero-Americanos.
_93534
852 _aES-MaACL
_jC-24435
_bR.51577
999 _c74946
_d74946